000 00406nam a2200157Ia 4500
008 231217s9999 xx 000 0 und d
020 _a911625313
041 _aEnglish
082 _a005.225 MCQ;1 R
100 _aMcquillen, Kevin Prince, Anne
245 0 _aDOS/VSE assembler language
260 _c1986
_bMike Murach
_aCalifornia
300 _axi+492
650 _aDOS/VSE,assembler
942 _cAA
999 _c182814
_d182814